书目信息 |
| 题名: |
暖通空调节能运行
|
|
| 作者: | 余晓平 主编 | |
| 分册: | ||
| 出版信息: | 北京 北京大学出版社 2013 |
|
| 页数: | 230页 | |
| 开本: | 26cm | |
| 丛书名: | ||
| 单 册: | ||
| 中图分类: | TU83 | |
| 科图分类: | ||
| 主题词: | 房屋建筑设备--采暖设备--节能--高等学校--教材 , 房屋建筑设备--空气调节设备--节能--高等学校--教材 , 房屋建筑设备 , 房屋建筑设备--通风设备--节能--高等学校--教材 , 节能 , 通风设备 , 空气调节设备 , 采暖设备 | |
| 电子资源: | ||
| ISBN: | 978-7-301-23070-1 | |
| 000 | 01153nam0 2200313 450 | |
| 001 | 142027 | |
| 005 | 20141115143346.00 | |
| 010 | @a978-7-301-23070-1@dCNY 30.00 | |
| 100 | @a20131028d2013 em y0chiy50 ea | |
| 101 | 0 | @achi |
| 102 | @aCN@b110000 | |
| 105 | @aa z 000yy | |
| 200 | 1 | @a暖通空调节能运行@9nuan tong kong tiao jie neng yun xing@b专著@f余晓平主编 |
| 210 | @a北京@c北京大学出版社@d2013 | |
| 215 | @a230页@c图@d26cm | |
| 300 | @a21世纪全国本科院校土木建筑类创新型应用人才培养规划教材 | |
| 330 | @a本书的主要内容有:绪论,供暖系统节能运行,通风系统节能运行,空调系统节能运行,冷热源系统节能运行,空调水系统节能运行与调节阀,暖通空调系统自动化,暖通空调系统运行管理制度,以及相关习题和附录。 | |
| 606 | 0 | @a房屋建筑设备@x采暖设备@x节能@x高等学校@j教材 |
| 606 | 0 | @a房屋建筑设备@x空气调节设备@x节能@x高等学校@j教材 |
| 606 | 0 | @a房屋建筑设备 |
| 606 | 0 | @a房屋建筑设备@x通风设备@x节能@x高等学校@j教材 |
| 606 | 0 | @a节能 |
| 606 | 0 | @a通风设备 |
| 606 | 0 | @a空气调节设备 |
| 606 | 0 | @a采暖设备 |
| 690 | @aTU83@v5 | |
| 701 | 0 | @a余晓平@9yu xiao ping@c(女,@f1973~)@4主编 |
| 801 | 0 | @c20141115 |
| 905 | @a241430@dTU83@eY770 | |
| 暖通空调节能运行/余晓平主编.-北京:北京大学出版社,2013 |
| 230页:图;26cm |
| 21世纪全国本科院校土木建筑类创新型应用人才培养规划教材 |
| ISBN 978-7-301-23070-1:CNY 30.00 |
| 本书的主要内容有:绪论,供暖系统节能运行,通风系统节能运行,空调系统节能运行,冷热源系统节能运行,空调水系统节能运行与调节阀,暖通空调系统自动化,暖通空调系统运行管理制度,以及相关习题和附录。 |
| ● |
| 相关链接 |
|
|
|
正题名:暖通空调节能运行
索取号:TU83/Y770
 
预约/预借
| 序号 | 登录号 | 条形码 | 馆藏地/架位号 | 状态 | 备注 |
| 1 | 0839697 | 208396975 | 建筑库201/201建筑库 51排3列5层/ [索取号:TU83/Y770] | 在馆 | |
| 2 | 0839698 | 208396984 | 建筑库201/201建筑库 51排3列5层/ [索取号:TU83/Y770] | 在馆 | |
| 3 | 0839699 | 208396993 | 建筑库201/201建筑库 51排3列5层/ [索取号:TU83/Y770] | 在馆 |